Oraciones, ensalmos i conjuros del pueblo chileno comparados con los que se dicen en España

Gardado en:
Detalles Bibliográficos
Autor Principal: Laval, Ramón A Laval Alvial, Ramón (Author)
Formato: Libro
Idioma:Lingua castelá
Publicado: Santiago Imprenta Cervantes 1910
Edición:1a. ed
Subjects:
Tags: Engadir etiqueta
Sen Etiquetas, Sexa o primeiro en etiquetar este rexistro!

MARC

LEADER 00000nam a2200000 a 4500
001 UCJ6280
003 CL-VaPUC
008 070124e19100000CL |||||||||||||||||spa|d
082 0 4 |a Ch864  |b LAV  |2 21 
100 |a Laval, Ramón A  |e author  |q Laval Alvial, Ramón   |9 505149 
245 1 0 |a Oraciones, ensalmos i conjuros del pueblo chileno comparados con los que se dicen en España 
250 |a 1a. ed 
300 |a 132 p 
942 |c BK 
945 |d 20070124 00:00:00  |a rinostro 
260 |a Santiago  |b Imprenta Cervantes  |c 1910 
650 7 |a FOLKLORE  |2 CL-VaPUC  |9 268291 
650 7 |a TRADICIONES  |2 CL-VaPUC  |9 367367 
650 7 |a ORACIONES  |2 CL-VaPUC  |9 319212 
650 0 |a Piedad popular   |9 512745 
583 |a last modification  |c 20070124 00:00:00  |k Rodrigo Vera 
999 |c 322388  |d 322386 
952 |0 0  |1 0  |4 0  |6 CH_864_000000000000000_LAV_1910  |7 0  |8 X  |9 401369  |a FDOBUD  |b FDOBUD  |d 2019-11-22  |i 1046047  |o Ch864 LAV 1910  |p 1046047  |r 2019-11-22  |w 2019-11-22  |y BK_X  |k BUD